[Event "Krakow Malopolski-ch"]
[Site "Krakow"]
[Date "2015.04.30"]
[Round "5"]
[White "Madej, Roman"]
[Black "Klementys, Jerzy"]
[Result "1-0"]
[WhiteElo "1935"]
[BlackElo "1621"]
[PlyCount "73"]
[EventDate "2015.04.26"]
[EventType "swiss"]
[EventRounds "9"]
[EventCountry "POL"]
[SourceTitle "CBM 166 Extra"]
[Source "ChessBase"]
[SourceDate "2015.06.18"]
[SourceVersion "1"]
[SourceVersionDate "2015.06.18"]
[SourceQuality "1"]

1. d4 Nf6 2. c4 g6 3. Nc3 Bg7 4. e4 d6 5. Nf3 0-0 6. Be2 e5 7. 0-0 Nc6 8. d5 Ne7 9. Be3 Ne8 10. Ne1 f5 11. f3 f4 12. Bf2 g5 13. g4 fxg3 14. hxg3 Qd7 15. Qd2 Bf6 16. g4 Ng6 17. Nd3 Ng7 18. Kg2 h5 19. Rh1 h4 20. c5 Be7 21. b4 c6 22. Rad1 Ne8 23. a4 a6 24. Be3 Nf4+ 25. Bxf4 exf4 26. cxd6 Nxd6 27. Nc5 Qd8 28. e5 Nf7 29. d6 Nxe5 30. dxe7 Qxe7 31. Qd6 Qxd6 32. Rxd6 Nf7 33. Rg6+ Kh7 34. Bd3 Kh8 35. N5e4 b6 36. Nxg5 Nxg5 37. Rxg5 1-0

[Event "Krakow Malopolski-ch"]
[Site "Krakow"]
[Date "2015.04.29"]
[Round "4"]
[White "Czarkowski, Tomasz"]
[Black "Madej, Roman"]
[Result "1/2-1/2"]
[WhiteElo "1673"]
[BlackElo "1935"]
[PlyCount "129"]
[EventDate "2015.04.26"]
[EventType "swiss"]
[EventRounds "9"]
[EventCountry "POL"]
[SourceTitle "CBM 166 Extra"]
[Source "ChessBase"]
[SourceDate "2015.06.18"]
[SourceVersion "1"]
[SourceVersionDate "2015.06.18"]
[SourceQuality "1"]

1. d4 Nf6 2. c4 g6 3. Nc3 d5 4. Bf4 Bg7 5. Nf3 c6 6. e3 0-0 7. Be2 Nbd7 8. cxd5 Nxd5 9. Nxd5 cxd5 10. 0-0 Qb6 11. Qc2 Nf6 12. Bc7 Qe6 13. Be5 Bd7 14. Qb3 Bc6 15. Bb5 Rac8 16. Rac1 Qd7 17. Bxc6 Rxc6 18. Rxc6 Qxc6 19. Qa3 e6 20. Qxa7 Rc8 21. h3 Qb5 22. b3 Ne4 23. Bxg7 Kxg7 24. Qa3 Rc7 25. Qb2 h5 26. Re1 Qd3 27. Qe2 Qxe2 28. Rxe2 Rc1+ 29. Kh2 Rf1 30. Nd2 Rxf2 31. Rxf2 Nxf2 32. a4 Nd1 33. e4 Nc3 34. exd5 exd5 35. Nf3 Kf6 36. g4 hxg4 37. hxg4 Ke6 38. Kg3 f5 39. Kf4 Ne2+ 40. Kg5 fxg4 41. Kxg4 Nc1 42. Nd2 Kf6 43. Kf4 g5+ 44. Kg4 Kg6 45. a5 Nd3 46. Nf3 Nf2+ 47. Kg3 Ne4+ 48. Kg4 Nf6+ 49. Kg3 Kf5 50. b4 Ne4+ 51. Kg2 Nc3 52. Nd2 Kf4 53. Nb3 Nb5 54. Nc5 Ke3 55. Nxb7 Kxd4 56. a6 Kc3 57. Nd6 Nc7 58. b5 d4 59. a7 Na8 60. Nc8 d3 61. b6 d2 62. b7 d1Q 63. bxa8Q Qg4+ 64. Kf2 Qd4+ 65. Kg2 1/2-1/2

[Event "POL-ch U16"]
[Site "Karpacz"]
[Date "2015.03.22"]
[Round "9"]
[White "Madej, Roman"]
[Black "Wisniewski, Michal"]
[Result "1-0"]
[WhiteElo "1935"]
[BlackElo "2096"]
[PlyCount "56"]
[EventDate "2015.03.15"]
[EventType "swiss"]
[EventRounds "9"]
[EventCountry "POL"]
[SourceTitle "EXT 2017"]
[Source "ChessBase"]
[SourceDate "2016.10.25"]
[SourceVersion "1"]
[SourceVersionDate "2016.10.25"]
[SourceQuality "1"]

1. Nf3 Nf6 2. b3 d5 3. Bb2 c6 4. e3 Bg4 5. Be2 Nbd7 6. d4 Bxf3 7. Bxf3 Qc7 8. 0-0 e5 9. dxe5 Nxe5 10. Nd2 Bd6 11. g3 0-0 12. Bg2 Rfe8 13. c4 dxc4 14. Nxc4 Nxc4 15. bxc4 Nd7 16. Rb1 a5 17. Qc2 Bc5 18. Rfd1 Rab8 19. Qf5 Red8 20. Rxd7 Qxd7 21. Qxc5 Qd3 22. Rf1 f6 23. Bd4 Qc2 24. a3 Rdc8 25. Bh3 Rd8 26. Be6+ Kh8 27. Qxa5 Qb3 28. Qh5 h6 1-0

[Event "POL-chT U19 2nd League"]
[Site "Szczyrk"]
[Date "2014.07.28"]
[Round "6.7"]
[White "Madej, Roman"]
[Black "Ziabek, Patryk"]
[Result "0-1"]
[WhiteElo "1756"]
[BlackElo "1896"]
[PlyCount "90"]
[EventDate "2014.07.25"]
[EventType "team-swiss"]
[EventRounds "11"]
[EventCountry "POL"]
[SourceTitle "EXT 2015"]
[Source "ChessBase"]
[SourceDate "2014.11.20"]
[SourceVersion "1"]
[SourceVersionDate "2014.11.20"]
[SourceQuality "1"]
[WhiteTeam "Wieliczka MKS MOS U19"]
[BlackTeam "Kalisz KTS U19"]
[WhiteTeamCountry "POL"]
[BlackTeamCountry "POL"]

1. d4 Nf6 2. c4 g6 3. Nc3 d5 4. Qb3 dxc4 5. Qxc4 Bg7 6. e4 Nfd7 7. Be3 0-0 8. Nf3 Nb6 9. Qd3 Nc6 10. Be2 f5 11. exf5 Bxf5 12. Qd2 a6 13. 0-0 Qd7 14. d5 Nb4 15. Bxb6 cxb6 16. Bc4 b5 17. Bb3 Nd3 18. Nd1 Nc5 19. Ne3 Nxb3 20. axb3 Qd6 21. Rfe1 Rad8 22. Rad1 Bc8 23. h3 Bxh3 24. gxh3 Rxf3 25. Kg2 Rdf8 26. Ng4 Rxb3 27. Re6 Qd7 28. Qe1 Rf7 29. d6 Qc6+ 30. Kh2 Rff3 31. Re3 Rbxe3 32. Nxe3 exd6 33. Nd5 Qd7 34. Kg1 Be5 35. Qxe5 dxe5 36. Nf6+ Rxf6 37. Rxd7 Rf7 38. Rd5 Re7 39. Kf1 Kf7 40. Ke2 Ke6 41. Rd8 Rd7 42. Re8+ Kd5 43. Kd3 a5 44. f3 a4 45. Kc3 Rf7 0-1

[Event "POL-chT U19 2nd League"]
[Site "Szczyrk"]
[Date "2014.07.26"]
[Round "3.13"]
[White "Tomczak, Mikolaj"]
[Black "Madej, Roman"]
[Result "0-1"]
[WhiteElo "2158"]
[BlackElo "1756"]
[PlyCount "74"]
[EventDate "2014.07.25"]
[EventType "team-swiss"]
[EventRounds "11"]
[EventCountry "POL"]
[SourceTitle "EXT 2015"]
[Source "ChessBase"]
[SourceDate "2014.11.20"]
[SourceVersion "1"]
[SourceVersionDate "2014.11.20"]
[SourceQuality "1"]
[WhiteTeam "Leszno Wieniawa U19"]
[BlackTeam "Wieliczka MKS MOS U19"]
[WhiteTeamCountry "POL"]
[BlackTeamCountry "POL"]

1. d4 Nf6 2. c4 g6 3. Nc3 d5 4. cxd5 Nxd5 5. e4 Nxc3 6. bxc3 Bg7 7. Bc4 0-0 8. Ne2 c5 9. 0-0 Nc6 10. Be3 Qc7 11. Qc1 a6 12. f4 b5 13. Bd3 Rd8 14. e5 Bb7 15. Bb1 Rac8 16. dxc5 Na5 17. Ng3 Nc4 18. Bd4 e6 19. Be4 Bf8 20. Bxb7 Qxb7 21. Qe1 Bxc5 22. Bxc5 Rxc5 23. Ne4 Rcc8 24. Nf6+ Kg7 25. Qh4 h6 26. Rf3 Rd2 27. Ng4 h5 28. Qf6+ Kh7 29. Nf2 Rcd8 30. h4 Qa7 31. Kh1 Ne3 32. Re1 Ng4 33. Nxg4 hxg4 34. Rff1 R8d3 35. Re4 Rh3+ 36. gxh3 g3 37. Qg5 Rh2# 0-1

[Event "Krakow Malopolski-chB"]
[Site "Krakow"]
[Date "2014.05.04"]
[Round "9"]
[White "Madej, Roman"]
[Black "Stanuch, Marcin"]
[Result "1/2-1/2"]
[WhiteElo "1737"]
[BlackElo "1605"]
[PlyCount "78"]
[EventDate "2014.04.27"]
[EventType "swiss"]
[EventRounds "9"]
[EventCountry "POL"]
[SourceTitle "CBM 160 Extra"]
[Source "ChessBase"]
[SourceDate "2014.07.01"]
[SourceVersion "1"]
[SourceVersionDate "2014.07.01"]
[SourceQuality "1"]

1. d4 Nf6 2. c4 g6 3. Nc3 Bg7 4. e4 d6 5. Nf3 0-0 6. Be2 Nc6 7. 0-0 e5 8. d5 Ne7 9. b4 a5 10. bxa5 Rxa5 11. Nb5 Nxe4 12. Bb2 b6 13. Bd3 Nc5 14. Bc2 Bd7 15. a4 Bxb5 16. axb5 Qa8 17. Ng5 f5 18. Qd2 h6 19. Rxa5 Qxa5 20. Qxa5 bxa5 21. Nf3 Ra8 22. Ra1 Nc8 23. Nd2 e4 24. Bxg7 Kxg7 25. Kf1 Kf6 26. Ke2 Nb6 27. Ke3 g5 28. Kd4 Nbd7 29. Ra3 g4 30. Nf1 h5 31. Nd2 Kg5 32. h3 Ne5 33. hxg4 hxg4 34. Nb3 Nxb3+ 35. Rxb3 Nd7 36. Ra3 Nc5 37. g3 Kf6 38. Ba4 Kg5 39. Ra1 Kf6 1/2-1/2

[Event "Krakow Malopolski-chB"]
[Site "Krakow"]
[Date "2014.04.27"]
[Round "1"]
[White "Chowaniec, Artur"]
[Black "Madej, Roman"]
[Result "0-1"]
[WhiteElo "1513"]
[BlackElo "1737"]
[PlyCount "104"]
[EventDate "2014.04.27"]
[EventType "swiss"]
[EventRounds "9"]
[EventCountry "POL"]
[SourceTitle "CBM 160 Extra"]
[Source "ChessBase"]
[SourceDate "2014.07.01"]
[SourceVersion "1"]
[SourceVersionDate "2014.07.01"]
[SourceQuality "1"]

1. e4 c5 2. Nf3 d6 3. d4 cxd4 4. Nxd4 Nf6 5. Nc3 a6 6. Be3 e5 7. Nb3 Be6 8. f3 Be7 9. Qd2 Nbd7 10. 0-0-0 Qc7 11. Kb1 b5 12. g4 b4 13. Nd5 Bxd5 14. exd5 a5 15. h4 e4 16. g5 Nh5 17. fxe4 Ng3 18. Rg1 Nxe4 19. Qd4 a4 20. Nc1 Ndc5 21. Qxg7 Rf8 22. Bb5+ Kd8 23. Bc6 Ra5 24. Bxc5 Nxc5 25. Qxh7 Qb6 26. Nd3 b3 27. Nxc5 bxa2+ 28. Kxa2 Qxc5 29. Qf5 Qxc6 30. dxc6 Rxf5 31. Rd4 Rc5 32. c3 Rxc6 33. Rxa4 Kd7 34. Rf1 f6 35. g6 Rg8 36. h5 Rc5 37. Rh1 Rg5 38. Ra7+ Ke6 39. Ra4 f5 40. Re1+ Kf6 41. Rh4 Rh8 42. Reh1 Kg7 43. R4h2 Bf6 44. Kb3 Be5 45. Rh3 Kh6 46. Kc4 Rb8 47. b4 Rc8+ 48. Kb3 f4 49. c4 Rg2 50. Rb1 Rg3+ 51. Rxg3 fxg3 52. b5 Bd4 0-1

[Event "Krakow op-B 23rd"]
[Site "Krakow"]
[Date "2012.12.29"]
[Round "3"]
[White "Madej, Roman"]
[Black "Klimentov, Evgeny"]
[Result "0-1"]
[WhiteElo "1609"]
[BlackElo "1896"]
[PlyCount "54"]
[EventDate "2012.12.27"]
[EventType "swiss"]
[EventRounds "9"]
[EventCountry "POL"]
[SourceTitle "CBM 152 Extra"]
[Source "ChessBase"]
[SourceDate "2013.02.25"]
[SourceVersion "1"]
[SourceVersionDate "2013.02.25"]
[SourceQuality "1"]

1. d4 Nf6 2. c4 g6 3. Nc3 Bg7 4. e4 d6 5. Nf3 0-0 6. Be2 Bg4 7. 0-0 Nfd7 8. Be3 Nc6 9. Rc1 Bxf3 10. Bxf3 e5 11. d5 Nd4 12. b4 f5 13. Bxd4 exd4 14. Nb5 fxe4 15. Bxe4 Qh4 16. Qe2 Rae8 17. f3 Bh6 18. Rcd1 Be3+ 19. Kh1 Bf4 20. g4 Nf6 21. Rxd4 Re7 22. Qg2 a6 23. Nc3 Rfe8 24. Ne2 Nxe4 25. fxe4 Rxe4 26. Rxf4 Rxe2 27. g5 Qh5 0-1

[Event "Solina Mind Sports U14 op"]
[Site "Solina"]
[Date "2012.04.20"]
[Round "8"]
[White "Bilczewski, Kacper"]
[Black "Madej, Roman"]
[Result "1-0"]
[WhiteElo "1641"]
[BlackElo "1592"]
[PlyCount "95"]
[EventDate "2012.04.15"]
[EventType "swiss"]
[EventRounds "9"]
[EventCountry "POL"]
[SourceTitle "EXT 2014"]
[Source "ChessBase"]
[SourceDate "2013.11.20"]
[SourceVersion "1"]
[SourceVersionDate "2013.11.20"]
[SourceQuality "1"]

1. e4 c6 2. d4 d5 3. Nc3 dxe4 4. Nxe4 Nd7 5. Nf3 Ngf6 6. Nc3 e6 7. Bd3 Qc7 8. 0-0 b6 9. Qe2 h6 10. Re1 Bb7 11. a3 c5 12. d5 Bxd5 13. Nxd5 Nxd5 14. Be4 0-0-0 15. a4 a5 16. Qa6+ Qb7 17. Qxb7+ Kxb7 18. c4 N7f6 19. cxd5 Nxe4 20. Rxe4 Rxd5 21. Bf4 Be7 22. Rae1 Bf6 23. Be5 Bxe5 24. Nxe5 Rf8 25. g3 Kc7 26. Kg2 g5 27. R4e3 Kd6 28. Nc4+ Kc6 29. Rb3 Rd4 30. Rc3 Kc7 31. b3 Rfd8 32. Rf3 Rf8 33. Rf6 h5 34. Rexe6 fxe6 35. Rxf8 g4 36. Rf7+ Kc6 37. Re7 Re4 38. Re8 b5 39. axb5+ Kxb5 40. Rb8+ Ka6 41. Ra8+ Kb7 42. Rxa5 Kc6 43. Ra6+ Kd7 44. Ra7+ Kc6 45. Rh7 Rd4 46. Rxh5 Rd3 47. Rg5 Rxb3 48. Na5+ 1-0